[Event "Hastings Masters 2011-12"]
[Site "Hastings ENG"]
[Date "2012.01.05"]
[Round "9.22"]
[White "Bremner, Adam"]
[Black "Massoni, Michael"]
[Result "1/2-1/2"]
[WhiteElo "2195"]
[BlackElo "2304"]
[PlyCount "125"]
[EventDate "2011.12.28"]

1. d4 Nf6 2. Nf3 g6 3. c4 Bg7 4. g3 c6 5. Bg2 d5 6. cxd5 cxd5 7. O-O O-O 8. Nc3
b6 9. b3 Bb7 10. Bb2 Nbd7 11. Ne5 Re8 12. Qd2 e6 13. Nxd7 Qxd7 14. e3 Bf8 15.
Rfd1 Rec8 16. Rac1 b5 17. Nb1 b4 18. Rxc8 Rxc8 19. Rc1 Bc6 20. a4 Ne4 21. Bxe4
dxe4 22. Qd1 Qd5 23. Nd2 h5 24. h4 Be7 25. Qe2 Rc7 26. Qc4 Bd6 27. Qxd5 exd5
28. Rc2 Kf8 29. Bc1 Ke7 30. Nf1 Kd7 31. f4 exf3 32. Kf2 Rc8 33. Nd2 Re8 34.
Nxf3 f6 35. Bd2 Bb7 36. Be1 a5 37. Nd2 Ba6 38. Kf3 g5 39. Bf2 Bd3 40. Rc1 Bf5
41. Ke2 Rg8 42. hxg5 fxg5 43. e4 Bg4+ 44. Ke3 dxe4 45. Nc4 Rf8 46. Be1 Rf3+ 47.
Kxe4 Rxb3 48. Nxa5 Rf3 49. Nc4 b3 50. a5 Rf6 51. a6 Bc7 52. a7 Ra6 53. Rb1 Be6
54. d5 Bg8 55. Rxb3 Rxa7 56. Ne5+ Ke8 57. Nc6 Ra1 58. Re3 Kd7 59. Ne5+ Bxe5 60.
Kxe5 Rd1 61. Kf6 Rxd5 62. Re5 Rxe5 63. Kxe5 1/2-1/2

[Event "Hastings Masters 2011-12"]
[Site "Hastings ENG"]
[Date "2012.01.05"]
[Round "9.23"]
[White "Ledger, Dave J"]
[Black "Surendran, N."]
[Result "1-0"]
[WhiteElo "2228"]
[BlackElo "2207"]
[PlyCount "63"]
[EventDate "2011.12.28"]

1. e4 c5 2. Nf3 d6 3. d4 cxd4 4. Nxd4 Nf6 5. Nc3 a6 6. Be3 e5 7. Nb3 Be6 8. f3
Be7 9. Qd2 O-O 10. O-O-O Nbd7 11. g4 b5 12. Rg1 Nb6 13. g5 Nfd7 14. Na5 Qc7 15.
Nd5 Bxd5 16. exd5 Nxd5 17. Qxd5 Qxa5 18. Bd3 g6 19. h4 Nc5 20. Bxc5 dxc5 21. h5
Rfd8 22. Qxe5 Qxa2 23. hxg6 hxg6 24. Rh1 Bxg5+ 25. Qxg5 Qa1+ 26. Kd2 Qxb2 27.
Ke2 Re8+ 28. Kf2 Qd4+ 29. Kg2 Qe5 30. Qh4 Qg7 31. Be4 Ra7 32. Rd8 1-0

[Event "Hastings Masters 2011-12"]
[Site "Hastings ENG"]
[Date "2012.01.05"]
[Round "9.24"]
[White "Jaunooby, Ali R"]
[Black "Arkell, Keith C"]
[Result "1/2-1/2"]
[WhiteElo "2144"]
[BlackElo "2418"]
[PlyCount "51"]
[EventDate "2011.12.28"]

1. d4 e6 2. Nf3 f5 3. g3 Nf6 4. Bg2 Be7 5. Nbd2 O-O 6. O-O d5 7. Ne5 Nbd7 8.
Nd3 Ne4 9. Nf4 Ndf6 10. Nf3 c5 11. c3 c4 12. Ne5 Qc7 13. f3 Nd6 14. Qc2 Bd7 15.
Bd2 Rae8 16. b3 b5 17. bxc4 Nxc4 18. Nfd3 Nxd2 19. Qxd2 Rc8 20. Rac1 Bd6 21.
Qb2 Qa5 22. Qb3 Rc7 23. Nxd7 Nxd7 24. e4 Nb6 25. exd5 exd5 26. f4 1/2-1/2

[Event "Hastings Masters 2011-12"]
[Site "Hastings ENG"]
[Date "2012.01.05"]
[Round "9.25"]
[White "Radovanovic, Jovica"]
[Black "Helbig, Paul D"]
[Result "1-0"]
[WhiteElo "2309"]
[BlackElo "2128"]
[PlyCount "63"]
[EventDate "2011.12.28"]

1. Nf3 Nf6 2. d4 g6 3. c4 Bg7 4. g3 O-O 5. Bg2 d6 6. O-O c6 7. Nc3 Qa5 8. e4 e5
9. Re1 Nbd7 10. h3 exd4 11. Nxd4 Ne5 12. Bf1 Re8 13. Nb3 Qc7 14. Be3 Be6 15.
Nd2 d5 16. exd5 cxd5 17. Bf4 Nh5 18. cxd5 Bd7 19. Rc1 Nxf4 20. gxf4 Nd3 21.
Bxd3 Qxf4 22. Ne2 Qg5+ 23. Ng3 Bd4 24. Ndf1 Rxe1 25. Qxe1 Re8 26. Qd2 Qxd5 27.
Bc4 Qf3 28. Rc3 Qf6 29. Rd3 Bxh3 30. Rxd4 Qf3 31. Bd5 Re4 32. Bxe4 1-0

[Event "Hastings Masters 2011-12"]
[Site "Hastings ENG"]
[Date "2012.01.05"]
[Round "9.26"]
[White "Burnett, Jim"]
[Black "Krishna, C.R.G."]
[Result "1/2-1/2"]
[WhiteElo "2137"]
[BlackElo "2305"]
[PlyCount "98"]
[EventDate "2011.12.28"]

1. d4 d5 2. c4 c6 3. Nf3 Nf6 4. Nc3 a6 5. e3 b5 6. b3 Bg4 7. h3 Bxf3 8. gxf3
Nbd7 9. f4 e6 10. Bd3 Bb4 11. Bd2 bxc4 12. bxc4 dxc4 13. Bxc4 c5 14. dxc5 Nxc5
15. Qe2 Qa5 16. Rc1 Rd8 17. O-O Na4 18. Nxa4 Rxd2 19. Qf3 O-O 20. Bb3 e5 21.
Rcd1 e4 22. Qg2 Rfd8 23. Rxd2 Rxd2 24. Rd1 Rxd1+ 25. Bxd1 Kf8 26. Bb3 Be1 27.
Qf1 Qd2 28. Nb2 Nd7 29. Nc4 Qc1 30. Ne5 Nxe5 31. fxe5 Qd2 32. e6 f5 33. Bc4 a5
34. Qe2 Ke7 35. Qxd2 Bxd2 36. Kf1 g5 37. Ke2 Bb4 38. f3 exf3+ 39. Kxf3 Kf6 40.
e4 f4 41. h4 h6 42. hxg5+ hxg5 43. Bf1 Kxe6 44. Bh3+ Ke5 45. Bd7 Kd4 46. a4 Bd6
47. Bg4 Kd3 48. Bd7 Kd2 49. Be6 Be5 1/2-1/2

[Event "Hastings Masters 2011-12"]
[Site "Hastings ENG"]
[Date "2012.01.05"]
[Round "9.28"]
[White "Waddington, Mike P"]
[Black "Talsma, Paul"]
[Result "1-0"]
[WhiteElo "2114"]
[BlackElo "2246"]
[PlyCount "93"]
[EventDate "2011.12.28"]

1. Nc3 Nf6 2. e4 e5 3. g3 Bb4 4. Bg2 O-O 5. Nge2 c6 6. O-O d5 7. d3 dxe4 8.
Nxe4 Nxe4 9. Bxe4 Bh3 10. Bg2 Bxg2 11. Kxg2 Qd5+ 12. Kg1 Na6 13. Be3 Nc7 14. a3
Be7 15. Nc3 Qd7 16. Re1 f5 17. f4 exf4 18. Bxf4 Bc5+ 19. Kg2 Ne6 20. Qf3 Nd4
21. Qd1 Rae8 22. Qd2 b5 23. b4 Be7 24. Re5 Bf6 25. Rxe8 Rxe8 26. Rf1 c5 27. h4
cxb4 28. axb4 Rc8 29. Kh3 Qc6 30. Ne2 Qxc2 31. Rc1 Qxd2 32. Rxc8+ Kf7 33. Bxd2
Nxe2 34. Rc7+ Ke6 35. Rxa7 h6 36. h5 Be5 37. g4 f4 38. Kg2 Kd6 39. Ra6+ Kd5 40.
Ra8 Nd4 41. Rd8+ Kc6 42. Bxf4 Ne6 43. Bxe5 Nxd8 44. Bxg7 Nf7 45. Kf3 Kd5 46.
Kf4 Ke6 47. Ke4 1-0

[Event "Hastings Masters 2011-12"]
[Site "Hastings ENG"]
[Date "2012.01.05"]
[Round "9.29"]
[White "Eames, Robert S"]
[Black "Duff, Rufus"]
[Result "1-0"]
[WhiteElo "2241"]
[BlackElo "2088"]
[PlyCount "83"]
[EventDate "2011.12.28"]

1. e4 e5 2. Nf3 Nc6 3. Nc3 Nf6 4. Bb5 Bb4 5. O-O O-O 6. d3 d6 7. Ne2 Ne7 8. c3
Ba5 9. Ng3 c6 10. Ba4 Ng6 11. d4 Re8 12. Bc2 h6 13. h3 Be6 14. Be3 Qc7 15. Qd2
Kh7 16. Nf5 Bxf5 17. exf5 Ne7 18. g4 exd4 19. Bxd4 Bb6 20. g5 Bxd4 21. cxd4
hxg5 22. Qxg5 c5 23. d5 Neg8 24. Kh1 Nh6 25. Rg1 Rg8 26. Qh4 b5 27. Ng5+ Kh8
28. Ne4 Nxe4 29. Bxe4 f6 30. Rg6 Kh7 31. Rag1 Qe7 32. R1g4 Rae8 33. Qh5 Qxe4+
34. Rxe4 Rxe4 35. Rg4 Re1+ 36. Kh2 Rf1 37. Kg2 Re1 38. Kf3 Re5 39. Qg6+ Kh8 40.
Rh4 Re7 41. Rxh6+ gxh6 42. Qxf6+ 1-0

[Event "Hastings Masters 2011-12"]
[Site "Hastings ENG"]
[Date "2012.01.05"]
[Round "9.31"]
[White "Kewes, Gerd"]
[Black "Roubaud, Alexandre"]
[Result "1-0"]
[WhiteElo "2222"]
[BlackElo "2086"]
[PlyCount "97"]
[EventDate "2011.12.28"]

1. e4 e5 2. Nf3 Nc6 3. Bb5 a6 4. Ba4 Nf6 5. O-O Be7 6. Re1 b5 7. Bb3 d6 8. c3
O-O 9. d4 exd4 10. cxd4 Bg4 11. Nc3 Bxf3 12. gxf3 Qd7 13. Kh1 Na5 14. Bc2 b4
15. Ne2 Nh5 16. Nf4 Nxf4 17. Bxf4 Bh4 18. Kg2 Rfd8 19. Qd3 g6 20. Rad1 Bf6 21.
Bg3 Ra7 22. f4 c5 23. e5 dxe5 24. fxe5 Qd5+ 25. Qf3 Qxf3+ 26. Kxf3 Bg7 27. d5
Nc4 28. b3 Na3 29. Be4 Nb5 30. d6 Nd4+ 31. Kg2 Bh6 32. Bd3 Kf8 33. Bc4 Nf5 34.
Kf3 Nd4+ 35. Kg2 Nf5 36. Kf3 Nd4+ 37. Ke4 Ne6 38. f4 Rdd7 39. Rf1 Nd4 40. Bf2
Nb5 41. Bxc5 Nc3+ 42. Kf3 Nxd1 43. Bxa7 Rxa7 44. Rxd1 Ke8 45. Rd4 Kd8 46. h4
Bg7 47. Ke4 h6 48. Bf1 a5 49. Rc4 1-0

[Event "Hastings Masters 2011-12"]
[Site "Hastings ENG"]
[Date "2012.01.05"]
[Round "9.32"]
[White "Gregory, Stephen J"]
[Black "Briscoe, Chris"]
[Result "0-1"]
[WhiteElo "2124"]
[BlackElo "2220"]
[PlyCount "74"]
[EventDate "2011.12.28"]

1. e4 c5 2. Nf3 d6 3. d4 cxd4 4. Nxd4 Nf6 5. Nc3 a6 6. Qf3 g6 7. Bc4 Nbd7 8.
Bb3 Bg7 9. h3 O-O 10. Be3 Qc7 11. Qg3 b5 12. O-O Bb7 13. Qh4 Nc5 14. Nd5 Qd8
15. Bh6 Nxb3 16. axb3 Nxd5 17. Bxg7 Kxg7 18. exd5 e5 19. Qxd8 Rfxd8 20. Nc6
Bxc6 21. dxc6 Rdc8 22. Rfd1 Rxc6 23. c3 Kf6 24. Rd5 Rb6 25. f3 Ke6 26. Rad1 a5
27. Kf2 a4 28. f4 a3 29. bxa3 Rxa3 30. fxe5 dxe5 31. Rc5 Rxb3 32. Rd8 f6 33.
Re8+ Kf5 34. g4+ Kf4 35. Ke2 Rb2+ 36. Kd1 Ra6 37. Kc1 Raa2 0-1

[Event "Hastings Masters 2011-12"]
[Site "Hastings ENG"]
[Date "2012.01.05"]
[Round "9.33"]
[White "Hagesaether, Arne"]
[Black "Marusenko, Petr"]
[Result "1-0"]
[WhiteElo "2152"]
[BlackElo "2198"]
[PlyCount "61"]
[EventDate "2011.12.28"]

1. e4 c6 2. d4 d5 3. Nc3 dxe4 4. Nxe4 Bf5 5. Ng3 Bg6 6. h4 h6 7. Nf3 Nd7 8. h5
Bh7 9. Bd3 Bxd3 10. Qxd3 e6 11. Bf4 Bb4+ 12. Bd2 Bxd2+ 13. Qxd2 Ngf6 14. O-O-O
O-O 15. Nf1 Qb6 16. Ne3 Rfd8 17. Kb1 c5 18. Rh4 Rac8 19. c4 e5 20. d5 e4 21.
Nf5 exf3 22. Nxh6+ Kf8 23. Nf5 Ng8 24. d6 f6 25. h6 gxh6 26. Rxh6 Ne5 27. Rxf6+
Nxf6 28. Qg5 Ng8 29. Qg7+ Ke8 30. d7+ Nxd7 31. Re1+ 1-0

[Event "Hastings Masters 2011-12"]
[Site "Hastings ENG"]
[Date "2012.01.05"]
[Round "9.34"]
[White "Snape, Ian L"]
[Black "McKenna, Jason P"]
[Result "1/2-1/2"]
[WhiteElo "2231"]
[BlackElo "2110"]
[PlyCount "67"]
[EventDate "2011.12.28"]

1. c4 g6 2. g3 Bg7 3. Bg2 d6 4. Nf3 c5 5. d4 Na6 6. O-O Nf6 7. Nc3 O-O 8. b3
cxd4 9. Nxd4 Nc5 10. Bb2 Rb8 11. Qd2 a6 12. Rfd1 Ne6 13. Nc2 Ng4 14. h3 Bh6 15.
e3 Ne5 16. f4 Nc6 17. Nd5 Bg7 18. Bc3 Bd7 19. e4 Nc5 20. Bxg7 Kxg7 21. b4 Ne6
22. b5 Na5 23. Nce3 Nc5 24. Kh2 f6 25. Nxe7 Qxe7 26. Qxa5 Nxe4 27. Bxe4 Qxe4
28. Rxd6 Bxh3 29. Kxh3 Qxe3 30. Qc7+ Kh6 31. Rh1 Qf3 32. Kh2 Qf2+ 33. Kh3 Qf3
34. Kh2 1/2-1/2

[Event "Hastings Masters 2011-12"]
[Site "Hastings ENG"]
[Date "2012.01.05"]
[Round "9.35"]
[White "Grant, Alan G"]
[Black "Armstrong, Malcolm J"]
[Result "1-0"]
[WhiteElo "2186"]
[BlackElo "2016"]
[PlyCount "85"]
[EventDate "2011.12.28"]

1. Nf3 Nf6 2. c4 e6 3. g3 d5 4. Bg2 Be7 5. O-O O-O 6. d4 c6 7. Qc2 Nbd7 8. Rd1
b6 9. b3 Bb7 10. Nc3 Rc8 11. e4 dxe4 12. Nxe4 Nxe4 13. Qxe4 Bf6 14. Bf4 Re8 15.
Rac1 Qe7 16. Rc2 Ba8 17. Qe1 c5 18. Re2 cxd4 19. Nxd4 Bxg2 20. Kxg2 Nf8 21. Nb5
Red8 22. Nd6 Rc6 23. Ne4 e5 24. Be3 Ne6 25. Nc3 Rcc8 26. Nd5 Qb7 27. f3 Be7 28.
Red2 f6 29. a4 Bf8 30. Qe2 Kh8 31. h4 Bc5 32. h5 h6 33. Rd3 Qf7 34. Rh1 Bxe3
35. Qxe3 Nd4 36. g4 Rxd5 37. cxd5 Qxd5 38. Rhd1 Rc2+ 39. Kh3 Qc5 40. Rxd4 exd4
41. Qe8+ Kh7 42. Qg6+ Kg8 43. Re1 1-0

[Event "Hastings Masters 2011-12"]
[Site "Hastings ENG"]
[Date "2012.01.05"]
[Round "9.36"]
[White "Sugden, John N"]
[Black "Olson, Hamish"]
[Result "1/2-1/2"]
[WhiteElo "2180"]
[BlackElo "1965"]
[PlyCount "113"]
[EventDate "2011.12.28"]

1. e4 c5 2. Nc3 Nc6 3. g3 g6 4. Bg2 Bg7 5. d3 d6 6. f4 e6 7. Nf3 Nge7 8. O-O
O-O 9. Bd2 b6 10. Rb1 Bb7 11. Nh4 Nd4 12. Ne2 f5 13. c3 Nxe2+ 14. Qxe2 Kh8 15.
Nf3 Qd7 16. c4 Nc6 17. Bc3 Nd4 18. Bxd4 Bxd4+ 19. Nxd4 cxd4 20. b3 Rae8 21. Qb2
Qg7 22. Rbe1 e5 23. Qa3 Qc7 24. Qc1 Ba8 25. Qd2 Qg7 26. exf5 gxf5 27. Bxa8 Rxa8
28. Qg2 Rae8 29. Qd5 Qc7 30. b4 a5 31. a3 Rf6 32. bxa5 bxa5 33. Rb1 Qc5 34.
Qxc5 dxc5 35. fxe5 Rxe5 36. Rb5 Re3 37. Rxc5 Rxd3 38. Rxa5 Rc3 39. Rfxf5 Rxf5
40. Rxf5 Rxc4 41. Rd5 Ra4 42. Kf1 Rxa3 43. Rxd4 Ra2 44. h4 Kg7 45. Rf4 Ra3 46.
Rg4+ Kf7 47. Kg2 Ra5 48. Rf4+ Kg6 49. g4 h6 50. Kg3 Ra3+ 51. Rf3 Ra6 52. Rd3
Rb6 53. Kf4 Rb4+ 54. Kf3 Rb6 55. Rd4 Ra6 56. Kf4 Kf6 57. g5+ 1/2-1/2

[Event "Hastings Masters 2011-12"]
[Site "Hastings ENG"]
[Date "2012.01.05"]
[Round "9.37"]
[White "Saranya, J."]
[Black "Franklin, Samuel G A"]
[Result "1/2-1/2"]
[WhiteElo "2069"]
[BlackElo "2179"]
[PlyCount "56"]
[EventDate "2011.12.28"]

1. e4 e5 2. Nf3 Nc6 3. Bc4 Bc5 4. c3 Nf6 5. d3 a6 6. Bb3 Ba7 7. O-O d6 8. h3
O-O 9. Be3 Be6 10. Nbd2 Bxe3 11. fxe3 Ne7 12. Nh4 Qd7 13. Ndf3 h6 14. Nh2 Bxb3
15. axb3 Qe6 16. c4 c6 17. Nf5 Nxf5 18. exf5 Qe7 19. Ng4 d5 20. cxd5 cxd5 21.
Qf3 Nxg4 22. Qxg4 f6 23. Ra5 Rfd8 24. Rc1 d4 25. e4 Rac8 26. Raa1 Qd7 27. Qd1
Qb5 28. Rc4 Rxc4 1/2-1/2

[Event "Hastings Masters 2011-12"]
[Site "Hastings ENG"]
[Date "2012.01.05"]
[Round "9.38"]
[White "Pickersgill, Adrian O"]
[Black "Martinsen, Stig K"]
[Result "1/2-1/2"]
[WhiteElo "1990"]
[BlackElo "2145"]
[PlyCount "49"]
[EventDate "2011.12.28"]

1. e4 e6 2. d4 d5 3. Nc3 Bb4 4. e5 c5 5. Bd2 Nh6 6. Nb5 Bxd2+ 7. Qxd2 O-O 8. f4
Nc6 9. Nf3 a6 10. Nd6 cxd4 11. Nxd4 f6 12. Nxc6 bxc6 13. Nxc8 fxe5 14. fxe5
Rxc8 15. O-O-O Ng4 16. Re1 Nf2 17. Rg1 Ne4 18. Rxe4 dxe4 19. Qxd8 Rcxd8 20.
Bxa6 Rf2 21. Rf1 Rxg2 22. Bc4 Rg5 23. Bxe6+ Kh8 24. Bd7 Rxe5 25. Bxc6 1/2-1/2

[Event "Hastings Masters 2011-12"]
[Site "Hastings ENG"]
[Date "2012.01.05"]
[Round "9.39"]
[White "Kurka, Dieter"]
[Black "Almond, Richard J"]
[Result "0-1"]
[WhiteElo "2058"]
[BlackElo "2115"]
[PlyCount "60"]
[EventDate "2011.12.28"]

1. d4 d5 2. Nf3 Nf6 3. Bf4 c5 4. e3 Nc6 5. c3 Qb6 6. Qb3 c4 7. Qxb6 axb6 8. Na3
Bf5 9. Nb5 Ra5 10. Nc7+ Kd7 11. Ne5+ Nxe5 12. dxe5 Nh5 13. Nxd5 Rxd5 14. Bxc4
Nxf4 15. exf4 Rc5 16. Bxf7 e6 17. O-O-O+ Ke7 18. Bh5 Be4 19. Rd6 Rc6 20. Rd4
Bd5 21. f5 g6 22. f6+ Kf7 23. Be2 Bc5 24. Rf4 g5 25. Bh5+ Kf8 26. Ra4 Rc8 27.
f3 Bc6 28. Rc4 Be8 29. Kc2 Bxh5 30. b4 Bg6+ 0-1

[Event "Hastings Masters 2011-12"]
[Site "Hastings ENG"]
[Date "2012.01.05"]
[Round "9.40"]
[White "Olsarova, Tereza"]
[Black "Canonne, Antoine"]
[Result "1-0"]
[WhiteElo "2232"]
[BlackElo "2023"]
[PlyCount "79"]
[EventDate "2011.12.28"]

1. e4 c5 2. Nf3 e6 3. b4 b6 4. a3 Bb7 5. e5 Be7 6. c3 d6 7. d4 dxe5 8. Nxe5 Nf6
9. Bb5+ Kf8 10. bxc5 bxc5 11. O-O cxd4 12. f4 h5 13. f5 exf5 14. Bc4 Bd5 15.
Bxd5 Qxd5 16. Rxf5 Qe4 17. Qf1 Nc6 18. Nxc6 Qxc6 19. cxd4 Rc8 20. Bg5 Qe4 21.
Nd2 Qxd4+ 22. Kh1 Rc6 23. Re1 Re6 24. Rd1 Kg8 25. Nf3 Qe4 26. Ra5 Qe2 27. Qxe2
Rxe2 28. Nd4 Re4 29. Nf5 Kh7 30. Rxa7 Rd8 31. Rf1 Rd5 32. h3 Bc5 33. Rxf7 Rxf5
34. Rxf5 Re1+ 35. Kh2 Bg1+ 36. Kg3 Kg6 37. Bxf6 Kxf5 38. Bc3+ Ke6 39. Bxe1 Kxf7
40. Bf2 1-0

[Event "Hastings Masters 2011-12"]
[Site "Hastings ENG"]
[Date "2012.01.05"]
[Round "9.41"]
[White "Luaces Rubio, Alfredo"]
[Black "Rolvag, Mikael"]
[Result "1-0"]
[WhiteElo "2020"]
[BlackElo "2201"]
[PlyCount "41"]
[EventDate "2011.12.28"]

1. b3 e5 2. Bb2 d6 3. e3 f5 4. d4 e4 5. d5 Nf6 6. Ne2 Be7 7. Nf4 O-O 8. h4 Qe8
9. h5 a5 10. Nc3 Ng4 11. Be2 Ne5 12. a4 c6 13. Qd2 Na6 14. f3 Nc5 15. Kf2 Qd8
16. Rad1 Bd7 17. Ba3 Qb6 18. Kf1 Rad8 19. dxc6 bxc6 20. Ncd5 cxd5 21. Nxd5 1-0

[Event "Hastings Masters 2011-12"]
[Site "Hastings ENG"]
[Date "2012.01.05"]
[Round "9.42"]
[White "Cafferty, Bernard"]
[Black "Wallis, Ian J"]
[Result "1/2-1/2"]
[WhiteElo "2127"]
[BlackElo "2003"]
[PlyCount "39"]
[EventDate "2011.12.28"]

1. Nf3 d5 2. b4 Bg4 3. Bb2 Bxf3 4. exf3 e6 5. a3 Nf6 6. d4 Bd6 7. Nd2 O-O 8. c4
c6 9. Bd3 Nbd7 10. O-O e5 11. Qc2 exd4 12. Bxd4 Ne5 13. Bxe5 Bxe5 14. Rae1 Qd6
15. g3 Rad8 16. c5 Qb8 17. Re2 Rde8 18. Rfe1 Bc7 19. Nb3 Rxe2 20. Rxe2 1/2-1/2

[Event "Hastings Masters 2011-12"]
[Site "Hastings ENG"]
[Date "2012.01.05"]
[Round "9.44"]
[White "Bharathi, R."]
[Black "Taylor, Adam C"]
[Result "1/2-1/2"]
[WhiteElo "2094"]
[BlackElo "1772"]
[PlyCount "89"]
[EventDate "2011.12.28"]

1. e4 c5 2. Nf3 d6 3. d4 cxd4 4. Nxd4 Nf6 5. Nc3 a6 6. a4 e6 7. f4 Nc6 8. Nf3
Be7 9. Bd3 d5 10. e5 Nd7 11. O-O f6 12. exf6 Nxf6 13. Kh1 O-O 14. Qe1 Bd6 15.
Bd2 Bd7 16. Ng5 Qe8 17. Qh4 h6 18. Nf3 Nb4 19. Ne5 Nxd3 20. cxd3 Bxe5 21. fxe5
Nh7 22. Qg4 Kh8 23. Ne2 g5 24. Rxf8+ Qxf8 25. Ng3 Qf2 26. Bc3 Rf8 27. Qe2 Qxe2
28. Nxe2 Kg7 29. Kg1 Kg6 30. Nd4 g4 31. Nb3 h5 32. Nc5 Bc8 33. a5 Ng5 34. Ra4
Rf7 35. Rb4 Rc7 36. Nb3 Nf7 37. Kf2 Nh6 38. Rb6 Nf5 39. d4 Rf7 40. Ke1 Ne3 41.
g3 Nc4 42. Rb4 Ne3 43. Rb6 Nc4 44. Rb4 Ne3 45. Rb6 1/2-1/2

[Event "Hastings Masters 2011-12"]
[Site "Hastings ENG"]
[Date "2012.01.05"]
[Round "9.45"]
[White "De Andres Gonalons, Fernando"]
[Black "Murchadha, Oissine"]
[Result "1-0"]
[WhiteElo "2091"]
[BlackElo "1846"]
[PlyCount "53"]
[EventDate "2011.12.28"]

1. d4 f5 2. c4 Nf6 3. g3 g6 4. Bg2 Bg7 5. Nc3 O-O 6. Nf3 d6 7. O-O Qe8 8. d5
Na6 9. Nd4 Bd7 10. e4 fxe4 11. Nxe4 Nxe4 12. Bxe4 Nc5 13. Bg2 e5 14. dxe6 Nxe6
15. Nxe6 Bxe6 16. Re1 Bg4 17. Qd5+ Qf7 18. h3 Rae8 19. Rxe8 Rxe8 20. Qxf7+ Kxf7
21. hxg4 Re1+ 22. Bf1 a5 23. Rb1 a4 24. Kg2 c6 25. Bd3 Bd4 26. b3 axb3 27. axb3
1-0

[Event "Hastings Masters 2011-12"]
[Site "Hastings ENG"]
[Date "2012.01.05"]
[Round "9.46"]
[White "Hoare, Amy B"]
[Black "Barton, R Alan"]
[Result "0-1"]
[WhiteElo "1930"]
[BlackElo "2073"]
[PlyCount "90"]
[EventDate "2011.12.28"]

1. e4 g6 2. d4 Bg7 3. Nc3 d6 4. Be3 Nd7 5. Qd2 a6 6. f3 b5 7. h4 h5 8. Nh3 Ngf6
9. O-O-O Bb7 10. Ng5 c6 11. e5 dxe5 12. dxe5 Nxe5 13. Qxd8+ Rxd8 14. Rxd8+ Kxd8
15. f4 Neg4 16. Nxf7+ Ke8 17. Nxh8 Nxe3 18. Nxg6 c5 19. Kd2 Nfg4 20. Be2 Bxg2
21. Re1 Bf6 22. Bxg4 Nc4+ 23. Kc1 hxg4 24. Nd1 Bf3 25. b3 Nd6 26. Ne3 Bc3 27.
Rg1 Bd4 28. Re1 g3 29. Ne5 Be4 30. Re2 e6 31. Kd1 Nf5 32. Nxf5 exf5 33. Nf3 g2
34. Re1 Bf2 35. Ng1 Bxh4 36. c3 Bg3 37. Ne2 Bf3 38. Rg1 Bf2 39. Kd2 Kf7 40. a3
Kg6 41. b4 cxb4 42. axb4 Kh5 43. Kd3 Bxe2+ 44. Kxe2 Bxg1 45. Kf3 Bd4 0-1

[Event "Hastings Masters 2011-12"]
[Site "Hastings ENG"]
[Date "2012.01.05"]
[Round "9.48"]
[White "Green, Andrew D"]
[Black "Clayton, Tristan"]
[Result "1-0"]
[WhiteElo "2145"]
[BlackElo "1812"]
[PlyCount "51"]
[EventDate "2011.12.28"]

1. e4 g6 2. d4 Bg7 3. Nc3 d6 4. Be3 Nf6 5. Qd2 Ng4 6. Bg5 h6 7. Bh4 c6 8. f3
Nf6 9. O-O-O O-O 10. g4 Nh7 11. Bf2 f5 12. gxf5 gxf5 13. Be3 Rf6 14. Nge2 Qe8
15. Rg1 Kh8 16. e5 Rg6 17. Bh3 Ng5 18. Nf4 Nxf3 19. Nxg6+ Kh7 20. Qf2 Nxg1 21.
Rxg1 Qf7 22. Qg3 Bd7 23. exd6 exd6 24. Qxd6 Na6 25. Ne5 Bxe5 26. Qxh6# 1-0